Same sex love in India : readings from literature and history /

Сохранить в:
Библиографические подробности
Другие авторы: Kidwai, Saleem, Vanita, Ruth
Формат:
Язык:английский
Опубликовано: New York [etc.] : Palgrave, 2001
Метки: Добавить метку
Нет меток, Требуется 1-ая метка записи!

MARC

LEADER 00000nam a22000007i 4500
001 IT\ICCU\UBO\2304791
003 ItRI
005 20260115231815.0
008 030930s2001 xxu|||||| ||||| |||||c
020 |a 0312293240 
040 |b ita  |c importazione bologna sebina 
041 7 |a eng  |2 ISO-639-2 
245 0 0 |a Same sex love in India :  |b readings from literature and history /  |c edited by Ruth Vanita and Saleem Kidwai. 
260 |a New York [etc.] :  |b Palgrave,  |c 2001 
300 |a XXIV, 370 p. ;  |c 24 cm 
500 |a Segue: Glossary. 
700 1 |a Kidwai, Saleem  |0 IT\ICCU\UFIV\152971 
700 1 |a Vanita, Ruth  |0 IT\ICCU\UBOV\603740 
942 |2 ddc  |c BK  |n 0 
952 |0 0  |1 0  |4 0  |6 DOC_306_766000000000000_VAN  |7 0  |9 13121  |a BO  |b BO  |d 2026-01-15  |i 17436  |l 0  |o DOC 306.766 VAN  |p BO17436  |r 2026-01-15 23:18:15  |w 2026-01-15  |x [Sebina 5] [1 v.]  |y BK  |z 1 v. 
999 |c 11249  |d 11249